|
|
|
|
| LEADER |
00000nab a2200000 i 4500 |
| 001 |
publ1142 |
| 005 |
20190201090626.0 |
| 008 |
190130s2018 hu o 000 zxx d |
| 022 |
|
|
|a 1786-9536
|
| 040 |
|
|
|a BGE Publikációtár Repozitórium
|b hun
|
| 100 |
1 |
|
|a Szennay Áron
|
| 245 |
1 |
0 |
|a Úton a fenntarthatóság felé – Építőkockák és útválasztások
|c Szennay Áron
|h [elektronikus dokumentum]
|
| 260 |
|
|
|c 2018
|
| 300 |
|
|
|a 22-22
|
| 490 |
0 |
|
|a LÉPÉSEK A FENNTARTHATÓSÁG FELÉ
|v 23 No. 1 (71)
|
| 520 |
3 |
|
|a Az Építőkockák egy új világhoz című könyv a Takács-Sánta András által vezette Kisközösségi Program hazai (és néhány külföldi) esettanulmányainak gyűjteménye. Az esettanulmányok által bemutatott kezdeményezések célja minden esetben a társadalmi, gazdasági és környezeti szempontból egyaránt fenntartható(bb) élet megvalósítása. A kutatás nem csak arra világít rá, hogy a jó példákért nem feltétlen kell a nálunk fejlettebb országokba menni – hiszen például Hajdúnánáson ugyanúgy sikeresen, a helyi lakosok és vállalkozók elégedettsége mellett működtethető a helyi pénz rendszere, mint mondjuk Bajorországban – hanem arra is, hogy egyes esetekben az ökológiai megoldás ugyanolyan hatásfok mellett, a modern technológiánál olcsóbban kivitelezhető és működtethető.
|
| 650 |
|
4 |
|a közgazdaságtudományok
|
| 695 |
|
|
|a fenntarthatóság
|
| 695 |
|
|
|a Kisközösségi Program
|
| 856 |
4 |
0 |
|u https://publikaciotar.uni-bge.hu/id/eprint/1142/1/Szennay_lepesek_a_fenntarthat%C3%B3s%C3%A1g_fel%C3%A9.pdf
|z Dokumentum-elérés
|